000 00520nam a2200193Ia 4500
005 20250508160221.0
008 008 250505s9999 xx 000 0 eng d
037 _aTextual
040 _aFEDL
_beng
_cFEDL
041 _aeng
_2eng
084 _a370, MOR
_qFEDL
100 _aMorris Van Cleve
_980259
245 0 _aBecoming an educator
260 _aBoston, USA
_bHoughton Mifflin Company
_c1963
300 _axi,409p.
650 _aEducation
942 _cTEXL
_h370, MOR
999 _c1362744
_d1362744